000 00510cam a22002054a 4500
005 20250605164258.0
008 250528s ||||||||||||||||||||||||d
035 _a21964
020 _a9780471599500
040 _aGR-AtMCL
_bgre
_dGR-AtMCL
_eAACR2
245 1 _aINTERNATIONAL ACCOUNTING AND MULTINATIONAL ENTERPRISES
250 _a3
260 _bWiley,
_c1993
300 _a582
700 1 _aGray Sidney J
_9917
700 1 _aRadebaugh Lee H
_9914
942 _cBK
999 _c7020
_d7020